Normal view
MARC view
- SOFTWARE NUST ACC NO-30346
Entry Topical Term
001 - CONTROL NUMBER
- control field: 73941
003 - CONTROL NUMBER IDENTIFIER
- control field: NUST
005 - DATE AND TIME OF LATEST TRANSACTION
- control field: 20210628205116.0
008 - FIXED-LENGTH DATA ELEMENTS
- fixed length control field: 210628|| aca||aabn | a|a d
040 ## - CATALOGING SOURCE
- Original cataloging agency: NUST
- Transcribing agency: NUST
150 ## - HEADING--TOPICAL TERM
- Topical term or geographic name entry element: SOFTWARE NUST ACC NO-30346
670 ## - SOURCE DATA FOUND
- Source citation: Work cat.: (NUST): Arthur Nicholas Stephen A. Maas 73940, C-nl2 for windows 95 nt and 3.1 linear and nonlinear circiut analysis and optimization
